书目信息 |
| 题名: |
理论动态
|
|
| 作者: | ;中共中央党校理论研究室 编 | |
| 分册: | 一九八三 第二辑 | |
| 出版信息: | 北京 中共中央党校出版社 1983 |
|
| 页数: | 201页 | |
| 开本: | 20cm | |
| 丛书名: | ||
| 单 册: | ||
| 中图分类: | D261.4 | |
| 科图分类: | ||
| 主题词: | 中国共产党 | |
| 电子资源: | ||
| ISBN: | ||
| 000 | 00629nam0 2200205 45 | |
| 001 | 0302260988 | |
| 005 | 20060820144355.76 | |
| 010 | @dCNY0.70 | |
| 091 | @a3230.145 | |
| 100 | @a20030226d1983 km y0chiy0120 ea | |
| 101 | 0 | @achi |
| 200 | 1 | @a理论动态@ALi Lun Dong Tai@h一九八三 第二辑@h总第二十三辑@f中共中央党校理论研究室编@FZhong Gong Zhong Yang Dang Xiao Li Lun Yan Jiu Shi Bian |
| 210 | @a北京@c中共中央党校出版社@d1983 | |
| 215 | @a201页@d20cm | |
| 300 | @a内部发行 | |
| 606 | 0 | @a中国共产党 |
| 690 | @aD261.4@v3 | |
| 711 | 02 | @a中共中央党校理论研究室@4编 |
| 801 | @aCN@bTSTC@c20060820 | |
| 905 | @dD261.4@e21:23@f1@b136873 | |
| 理论动态.一九八三 第二辑.总第二十三辑/中共中央党校理论研究室编.-北京:中共中央党校出版社,1983 |
| 201页;20cm |
| 内部发行 |
| ISBN :CNY0.70 |
| ● |
| 相关链接 |
|
|
|
|
正题名:理论动态
索取号:D261.4/21:23
 
预约/预借
| 序号 | 登录号 | 条形码 | 馆藏地/架位号 | 状态 | 备注 |
| 1 | 0441070 | 204410707 | 密集书库/ [索取号:D261.4/21:23] | 在馆 | |
| 2 | 0471662 | 204716628 | 密集书库/ [索取号:D261.4/21:23] | 在馆 |